| 000 | 00460cam4a220016900 4500 | ||
|---|---|---|---|
| 001 | tmp16044072 | ||
| 003 | UPRA | ||
| 005 | 20190830121358.0 | ||
| 008 | 951129s1980 xx eng u | ||
| 035 | _a(Sirsi) r72131 | ||
| 035 | _a(UPRA)tmp16044072 | ||
| 040 | _cUPRA | ||
| 245 | 0 | 0 |
_aNinth economic development programme for the Republic of South Africa : _b1978-1987. |
| 260 | _c1980. | ||
| 949 |
_a(O2)1980/1 _wlcc _mMAIN _tBOOK _lON-SHELF |
||
| 004 | 72131 | ||
| 999 |
_c197311 _d197312 |
||